| 000 | 00327nam a22001217a 4500 | ||
|---|---|---|---|
| 008 | 170815b xxu||||| |||| 00| 0 eng d | ||
| 041 | _aeng | ||
| 080 | _a51 | ||
| 100 | _a36 | ||
| 101 | _aMAT | ||
| 245 |
_aSELECTED CLASICAL TOPICS IN THE THEORY OF FUCTION S OF A COMPLEX VARIABLES _cHEINS.M |
||
| 942 |
_2udc _cBK |
||
| 999 |
_c23560 _d23560 |
||